01473nam a2200349Ia 4500001001200000003000800012006001900020007001500039008004100054020002200095020002200117020002500139020002500164040002100189035002100210050002400231100002300255245013700278260011200415300001900527500004600546504005100592533015200643650004000795650003400835655002900869700001900898710004800917710001700965856012600982999001501108ebr10273868CaPaEBRm u cr cn|||||||||090401s2009 enka sb 001 0 eng d z0335227139 (pbk.) z0335227147 (hbk.) z9780335227136 (pbk.) z9780335227143 (hbk.) aCaPaEBRcCaPaEBR a(OCoLC)60862336714aLC1567b.L43 2009eb1 aLeathwood, Carole.10aGender and the changing face of higher educationh[electronic resource] :ba feminized future? /cCarole Leathwood and Barbara Read. aMaidenhead, England ;aNew York :bSociety for Research into Higher Education/Open University Press,c2009. a217 p. :bill. a"SRHE and Open University Press imprint." aIncludes bibliographical references and index. aElectronic reproduction.bPalo Alto, Calif. :cebrary,d2009.nAvailable via World Wide Web.nAccess may be limited to ebrary affiliated libraries. 0aEducation, HigherxSex differences. 0aSex differences in education. 7aElectronic books.2local1 aRead, Barbara.2 aSociety for Research into Higher Education.2 aebrary, Inc.40uhttp://site.ebrary.com/lib/rucke/Doc?id=10273868zAn electronic book accessible through the World Wide Web; click to view c6427d6427